000 00716nam a2200229Ia 4500
005 20241129104235.0
008 241129s9999||||xx |||||||||||||| ||und||
020 _a9781119697558
037 _aTextual
040 _aRTL
_beng
_cRTL
041 _aeng
_2eng
084 _aY33 R2
_qRTL
100 _aRobinson Jennifer
_9725392
245 0 _aComparative utbanism: Tactics for global urban studies
_cRobinson Jennifer
260 _aNew Jersey
_bJohn Wiley & Sons Ltd.
_c2022
300 _axii 449p.
365 _aINR
_b2921.47
490 _aIJURR: Studies in Urban and Social Change Book Series
650 _aCities and Towns- Studies
_9725393
942 _cTB
_hY33 R2
999 _c1225025
_d1225025